Desarrollo de equipo de medición /

Gardado en:
Detalles Bibliográficos
Autor Principal: García González, Helio Everado (autor)
Formato: Tesis Libro
Idioma:Lingua castelá
Temas:
Etiquetas: Engadir etiqueta
Sen Etiquetas, Sexa o primeiro en etiquetar este rexistro!

MARC

LEADER 00000nam^a2200000^a^4500
001 000123103
005 20250521000000.0
009 20260310094527.435
037 |a Acervo ITESO - Biblioteca 
041 |a ESP 
090 |a IEL. 225 
100 |a García González, Helio Everado  |e (autor) 
245 1 0 |a Desarrollo de equipo de medición /  |c H.E. García González. 
264 |a Guadalajara, México :  |b edición de autor,  |c 2001 
300 |a 32 p. 
336 |a texto  |b txt  |2 rdacontenido 
337 |a sin mediación  |b n  |2 rdamedio 
338 |a volumen  |b nc  |2 rdasoporte 
502 |a ITESO Reporte Profesional de Licenciatura en Ingeniería Electrónica 
649 |a XX 
650 |a Instrumentos de Medición 
650 |a Televisión -  |x Equipo y Aparatos 
650 |a Televisión -  |x Aspectos Tecnológicos 
650 |a Televisión -  |z Tijuana, Baja California (Norte) -  |x Industria y Comercio 
650 |a Televisión -  |z México -  |x Industria y Comercio 
650 |a Accesorios y Aparatos Domésticos Eléctricos 
650 |a Industria Electrónica -  |z Tijuana, Baja California (Norte) 
650 |a Industria Electrónica -  |z México 
650 |a Industria Manufacturera -  |z Tijuana, Baja California (Norte) 
650 |a Industria Manufacturera -  |z México 
650 |a Ingeniería Electrónica 
650 |a Experiencia Profesional -  |x Informes 
910 |a Fondo General 
920 |a Impresos - Tesis del ITESO 
930 |a Colección General 
905 |a 104 
901 |a 0500056798  |b IT2  |c TSS  |u 20250521 
902 |a https://opac.biblio.iteso.mx/vufind/Record/000123103